000 00655nam a2200181Ia 4500
008 151018s9999 xx 000 0 und d
082 _bRBASDV38178
_a891.463
100 _aप्रदीप आगाशे
245 _aसांस्कृतिक कार्यक्रम
250 _b1
260 _bजयदीप प्रकाशन पुणे
300 _a24
600 _aप्रदीप आगाशे
630 _aसांस्कृतिक कार्यक्रम
700 _aप्रदीप आगाशे
730 _aसांस्कृतिक कार्यक्रम
942 _cBOOK
999 _c1037587
_d1037584